000 00307nam a2200121Ia 4500
008 190802s9999 xx 000 0 und d
020 _a0-19-808193-6
100 _aTarun Kumar Rawat
245 0 _aDigital Signal Processing
260 _aUSA
_bOxford University Press
_c2018
300 _a1072:p
942 _cBK
999 _c2233
_d2233